00842cam a2200241 450000100060000000300060000600500170001200800410002903500180007003500180008803800070010604000250011304100080013808200220014610000480016824500880021626000570030430000290036150000960039050400410048665000190052771000540054614545UkOxU20211208235640.0140206s1976 ru a b 000 0 rus d a(Uk)005388030 a(BD-RjUL)4598 aUk aUkcUkbengdBD-RjUL aeng a634.92bINT 19761 aPʹyavchenko, N. I.q(Nikolaĭ Ivanovich).10aInterrelation of forest and bog : results of station research /cN.I. Pʹyavchenko. aNewYork :bAmerind publishing Co .Pvt. Ltd.,c1976. a173 p. :bill. ;c22 cm. aAt the top od T. p.: Akademii͡a nauk SSSR. Sibirskoe otdelenie. Institut lesa i drevesiny. aIncludes bibliographical references. 0aForest ecology2 aInstitut lesa i drevesiny (Akademii͡a nauk SSSR)